| 000 | 01219nam a2200373Ia 4500 | ||
|---|---|---|---|
| 001 | dia_6108 | ||
| 003 | CHAP | ||
| 005 | 20251023160509.0 | ||
| 008 | 220117s2010 xx 000 0 und d | ||
| 010 | _a177306 | ||
| 020 | _a978-607-7699-06-4 | ||
| 040 | _cCHAP | ||
| 082 | _a632.76 P53 2010 | ||
| 245 |
_aPlagas del suelo / _c edición Luis Ángel Rodríguez del Bosque y Miguel Ángel Morón |
||
| 260 |
_aMéxico : _b Mundi-Prensa, _c2010 |
||
| 300 | _axix, 417 p. | ||
| 503 | _aD. | ||
| 504 | _aIncluye bibliografías | ||
| 590 | _aQR111 P53 2010 | ||
| 650 |
_aColeoptera _xManejo de plagas _9160830 |
||
| 650 |
_aColeoptera _xPest Management _9160831 |
||
| 650 |
_aColeoptera _xPlagas de plantas _9160832 |
||
| 650 |
_aColeoptera _xPlant pests _9160833 |
||
| 650 |
_aInsect pests _9160834 |
||
| 650 |
_aMicroorganismos del suelo _9160835 |
||
| 650 |
_aPlagas de insectos _9160836 |
||
| 650 |
_aSoil microorganisms _9160837 |
||
| 700 |
_aÁngel Morón, Miguel, ed. _9160838 |
||
| 700 |
_aRodríguez del Bosque, Luis Angel, ed. _9160839 |
||
| 901 | _a632.76 P53 2010 | ||
| 902 | _aM | ||
| 905 | _a5232272010 mx dnbm8223123322spa16 | ||
| 942 |
_cLIBRO _2ddc |
||
| 999 |
_c177306 _d177306 |
||